| 000 | 01165nam a2200277Ia 4500 | ||
|---|---|---|---|
| 003 | OSt | ||
| 005 | 20220930190110.0 | ||
| 006 | a|||||r|||| 00| 0 | ||
| 007 | ta | ||
| 008 | 220926b |||||||| |||| 00| 0 tel d | ||
| 020 |
_a8126001909 (hbk) _c625 |
||
| 024 | _a93671 | ||
| 037 |
_b527, 19/03/2009, Vani Prakashan _cTextbook |
||
| 040 |
_aCRL _cCRL _btel |
||
| 041 |
_2tel _atel |
||
| 082 | _aO35,3M95,NR, 152J8 | ||
| 100 | _aबापिराजू, अडिवि | ||
| 245 | 0 |
_aनारायण राव _b तेलुगु भाषा का श्रेष्ठ उपन्यास, अनु0 ए. रमेश चौधरी |
|
| 246 | _aKabīra | ||
| 260 |
_aनई दिल्ली, _bसाहित्य अकादेमी, भारत _c1958 |
||
| 300 |
_a415पृ0 _ccm. |
||
| 650 | _aतेलुगु साहित्य | ||
| 700 |
_a चौधरी, ए. रमेश, अनु. _9558605 |
||
| 942 |
_hO35,3M95,NR, 152J8 _cTB _2CC |
||
| 999 |
_c891631 _d891631 |
||